<?xml version="1.0" encoding="UTF-8"?>
<record
    xmlns:xsi="http://www.w3.org/2001/XMLSchema-instance"
    xsi:schemaLocation="http://www.loc.gov/MARC21/slim http://www.loc.gov/standards/marcxml/schema/MARC21slim.xsd"
    xmlns="http://www.loc.gov/MARC21/slim">

  <leader>02347cam a2200313 i 4500</leader>
  <controlfield tag="001">12522409</controlfield>
  <controlfield tag="005">20250929120638.0</controlfield>
  <controlfield tag="008">221203s2023    enka     b    001 0 eng d</controlfield>
  <datafield tag="020" ind1=" " ind2=" ">
    <subfield code="a">1292450029</subfield>
    <subfield code="q">paperback</subfield>
  </datafield>
  <datafield tag="020" ind1=" " ind2=" ">
    <subfield code="a">9781292450025</subfield>
    <subfield code="q">paperback</subfield>
  </datafield>
  <datafield tag="024" ind1=" " ind2=" ">
    <subfield code="a">99993065976</subfield>
  </datafield>
  <datafield tag="035" ind1=" " ind2=" ">
    <subfield code="a">(OCoLC)on1352790432</subfield>
  </datafield>
  <datafield tag="035" ind1=" " ind2=" ">
    <subfield code="a">(CaBVaU)12522409</subfield>
  </datafield>
  <datafield tag="040" ind1=" " ind2=" ">
    <subfield code="a">YDX</subfield>
    <subfield code="b">eng</subfield>
    <subfield code="c">YDX</subfield>
    <subfield code="d">YDX</subfield>
    <subfield code="d">UtOrBLW</subfield>
  </datafield>
  <datafield tag="050" ind1=" " ind2="4">
    <subfield code="a">HD58.7</subfield>
    <subfield code="b">.R62 2023</subfield>
  </datafield>
  <datafield tag="100" ind1="1" ind2=" ">
    <subfield code="a">Robbins, Stephen P.,</subfield>
    <subfield code="d">1943-</subfield>
    <subfield code="e">author.</subfield>
  </datafield>
  <datafield tag="245" ind1="1" ind2="0">
    <subfield code="a">Organizational behavior </subfield>
    <subfield code="c">/ Stephen P. Robbins, Timothy A. Judge.</subfield>
  </datafield>
  <datafield tag="250" ind1=" " ind2=" ">
    <subfield code="a">Nineteenth edition.</subfield>
  </datafield>
  <datafield tag="250" ind1=" " ind2=" ">
    <subfield code="a">Global edition.</subfield>
  </datafield>
  <datafield tag="264" ind1=" " ind2="1">
    <subfield code="a">Harlow ;</subfield>
    <subfield code="a">New York :</subfield>
    <subfield code="b">Pearson Education Limited,</subfield>
    <subfield code="c">2023.</subfield>
  </datafield>
  <datafield tag="300" ind1=" " ind2=" ">
    <subfield code="a">798 pages :</subfield>
    <subfield code="b">illustrations (some color) ;</subfield>
    <subfield code="c">28 cm</subfield>
  </datafield>
  <datafield tag="504" ind1=" " ind2=" ">
    <subfield code="a">Includes bibliographical references and indexes.</subfield>
  </datafield>
  <datafield tag="505" ind1="0" ind2=" ">
    <subfield code="a">What is organizational behavior? &#x2014; Diversity, equity, and inclusion in organizations &#x2014; Job attitudes &#x2014; Emotions and moods &#x2014; Personality and individual differences &#x2014; Perception and individual decision making &#x2014; Motivation concepts &#x2014; Motivation: from concepts to applications &#x2014; Foundations of group behavior &#x2014; Understanding work teams &#x2014; Communication &#x2014; Leadership &#x2014; Power and politics &#x2014; Conflict and negotiation &#x2014; Foundations of organization structure &#x2014; Organizational culture and change &#x2014; Human resource systems and practices &#x2014; Stress and health in organizations &#x2014; Appendix: Research in organizational behavior.</subfield>
  </datafield>
  <datafield tag="520" ind1=" " ind2=" ">
    <subfield code="a">"For undergraduate and graduate courses in organizational behavior. The world's most successful organizational behavior text Organizational Behavior provides the information you want, in the language your students understand. Reflecting the most recent research and events within the field of OB, the 19th Edition continues its hallmark focus on clear writing, cutting-edge content, and intuitive pedagogy. There's a reason why Robbins and Judge's OB textbooks have educated millions of students and have been translated into 20 languages: because of a commitment to provide engaging, cutting-edge material that helps students understand and connect with this important field of study."--</subfield>
    <subfield code="c">Publisher's description.</subfield>
  </datafield>
  <datafield tag="650" ind1=" " ind2="0">
    <subfield code="a">Organizational behavior.</subfield>
    <subfield code="9">2566</subfield>
  </datafield>
  <datafield tag="650" ind1=" " ind2="0">
    <subfield code="a">Organization.</subfield>
    <subfield code="9">358</subfield>
  </datafield>
  <datafield tag="700" ind1="1" ind2=" ">
    <subfield code="a">Judge, Tim,</subfield>
    <subfield code="e">editor.</subfield>
  </datafield>
  <datafield tag="942" ind1=" " ind2=" ">
    <subfield code="2">lcc</subfield>
  </datafield>
  <datafield tag="952" ind1=" " ind2=" ">
    <subfield code="0">0</subfield>
    <subfield code="1">0</subfield>
    <subfield code="2">lcc</subfield>
    <subfield code="4">0</subfield>
    <subfield code="7">0</subfield>
    <subfield code="a">TBS</subfield>
    <subfield code="b">TBS</subfield>
    <subfield code="d">2025-09-29</subfield>
    <subfield code="l">0</subfield>
    <subfield code="o">HD58.7 ROB</subfield>
    <subfield code="p">B06028</subfield>
    <subfield code="r">2025-09-29</subfield>
    <subfield code="t">1</subfield>
    <subfield code="w">2025-09-29</subfield>
    <subfield code="y">1</subfield>
  </datafield>
  <datafield tag="952" ind1=" " ind2=" ">
    <subfield code="0">0</subfield>
    <subfield code="1">0</subfield>
    <subfield code="2">lcc</subfield>
    <subfield code="4">0</subfield>
    <subfield code="7">0</subfield>
    <subfield code="a">TBS</subfield>
    <subfield code="b">TBS</subfield>
    <subfield code="d">2025-09-29</subfield>
    <subfield code="l">0</subfield>
    <subfield code="o">HD58.7 ROB</subfield>
    <subfield code="p">B06029</subfield>
    <subfield code="r">2025-09-29</subfield>
    <subfield code="t">2</subfield>
    <subfield code="w">2025-09-29</subfield>
    <subfield code="y">1</subfield>
  </datafield>
  <datafield tag="952" ind1=" " ind2=" ">
    <subfield code="0">0</subfield>
    <subfield code="1">0</subfield>
    <subfield code="2">lcc</subfield>
    <subfield code="4">0</subfield>
    <subfield code="7">0</subfield>
    <subfield code="a">TBS</subfield>
    <subfield code="b">TBS</subfield>
    <subfield code="d">2025-09-29</subfield>
    <subfield code="l">0</subfield>
    <subfield code="o">HD58.7 ROB</subfield>
    <subfield code="p">B06030</subfield>
    <subfield code="r">2025-09-29</subfield>
    <subfield code="t">3</subfield>
    <subfield code="w">2025-09-29</subfield>
    <subfield code="y">1</subfield>
  </datafield>
  <datafield tag="952" ind1=" " ind2=" ">
    <subfield code="0">0</subfield>
    <subfield code="1">0</subfield>
    <subfield code="2">lcc</subfield>
    <subfield code="4">0</subfield>
    <subfield code="7">0</subfield>
    <subfield code="a">TBS</subfield>
    <subfield code="b">TBS</subfield>
    <subfield code="d">2025-09-29</subfield>
    <subfield code="l">0</subfield>
    <subfield code="o">HD58.7 ROB</subfield>
    <subfield code="p">B06031</subfield>
    <subfield code="r">2025-09-29</subfield>
    <subfield code="t">4</subfield>
    <subfield code="w">2025-09-29</subfield>
    <subfield code="y">1</subfield>
  </datafield>
  <datafield tag="999" ind1=" " ind2=" ">
    <subfield code="c">4984</subfield>
    <subfield code="d">4984</subfield>
  </datafield>
</record>
